01088nam a22002657a 450000100060000000300080000600500170001400800410003103500190007204000350009104100080012608200250013410000260015924501510018526000680033630000380040450200760044250400340051865000090055270000410056170000450060294200130064799900170066095201450067780754BD-RjUL20221110163226.0221110s2003 bg a|||| m||| 00| 0 eng d a(BD-RjUL)80754 aBD-RjULbengcBD-RjULdBD-RjUL aeng 223a677.13bALS 2003 aAli, Md. Forman9579510aA Study on black band disease of jute in the northern part of Bangladesh /cBy Md. Forman Ali ;6Supervisor (s) : M. Shah Alam, & M. Shahidul Alam aRajshahi :bDepartment of Botany, University of Rajshahi,c2003 avii, 143 leaves :bill, ;c29.cm. aThesis (M. Phil.) -- Department of Botany, University of Rajshahi, 2003 aReferences : Leaves 131 - 143 aJute aAlam, M. Shah, Supervisor (s) 95796 aAlam, M. Shahidul Supervisor (s) 95797 2ddccTHE c80754d80754 102ddc40718THESESaRUCLbRUCLcDoc/Thed2004-04-18eController of Exam. R.Ul0oTHE 677.13 ALS 2003pD2227r2022-11-10 00:00:00tC-1yTHE